000 01012nam a2200277 i 4500
001 9378
003 ES-MaACL
005 20230906145648.0
007 t|
008 930818s1986 sp ||||1| spa d
020 _a84-398-7305-0
080 _a616.4-053.2(063)
111 2 _aJornadas Internacionales de Avances en Endocrinología Pediátrica (
_d1986)
_9829
245 1 0 _aJornadas Internacionales de Avances en Endocrinología Pediátrica /
_cRaquel Barrio Castellanos...[et al.].
260 _a[Madrid :
_bFundación Valgrande],
_cD.L. 1986.
300 _a138 p. :
_bil., gráf. ;
_c24 cm.
490 1 _aSerie científica ;
_v4
500 _aTit. de la cub.: Endocrinología pediátrica.
500 _aBibliografía.
650 4 _aEndocrinología pediátrica-
_xCongresos y asambleas.
_912249
700 1 _aBarrio Castellanos, Raquel.
_926001
710 2 _aFundación Valgrande.
_94430
830 0 _aSerie científica ;
_v4
_9178461
852 _aES-MaACL
_jL-16811
_bR.118244
999 _c9378
_d9378